MARC details
| 000 -LEADER |
| fixed length control field |
01653nam a22004818c 4500 |
| 001 - CONTROL NUMBER |
| control field |
1347678778 |
| 003 - CONTROL NUMBER IDENTIFIER |
| control field |
DE-101 |
| 005 - DATE AND TIME OF LATEST TRANSACTION |
| control field |
20250110013641.0 |
| 007 - PHYSICAL DESCRIPTION FIXED FIELD--GENERAL INFORMATION |
| fixed length control field |
tu |
| 008 - FIXED-LENGTH DATA ELEMENTS--GENERAL INFORMATION |
| fixed length control field |
241108s2024 gw ||||| |||| 00||||ger |
| 015 ## - NATIONAL BIBLIOGRAPHY NUMBER |
| National bibliography number |
24,N46 |
| Source |
dnb |
| 016 7# - NATIONAL BIBLIOGRAPHIC AGENCY CONTROL NUMBER |
| Source |
DE-101 |
| Record control number |
1347678778 |
| 020 ## - INTERNATIONAL STANDARD BOOK NUMBER |
| International Standard Book Number |
9783982076287 |
| Terms of availability |
Gewebe |
| 020 ## - INTERNATIONAL STANDARD BOOK NUMBER |
| International Standard Book Number |
3982076285 |
| 024 3# - OTHER STANDARD IDENTIFIER |
| Standard number or code |
9783982076287 |
| 035 ## - SYSTEM CONTROL NUMBER |
| System control number |
(DE-599)DNB1347678778 |
| 035 ## - SYSTEM CONTROL NUMBER |
| System control number |
(OCoLC)1468578855 |
| 040 ## - CATALOGING SOURCE |
| Original cataloging agency |
1245 |
| Language of cataloging |
ger |
| Transcribing agency |
DE-101 |
| Modifying agency |
9999 |
| 041 ## - LANGUAGE CODE |
| Language code of text/sound track or separate title |
ger |
| 044 ## - COUNTRY OF PUBLISHING/PRODUCING ENTITY CODE |
| ISO country code |
XA-DE-HE |
| 082 74 - DEWEY DECIMAL CLASSIFICATION NUMBER |
| Field link and sequence number |
2\p |
| Classification number |
000 |
| Assigning agency |
DE-101 |
| Edition information |
23sdnb |
| 245 00 - TITLE STATEMENT |
| Title |
Gothaisches Genealogisches Handbuch der fürstlichen Häuser (GGH Band 19) |
| 250 ## - EDITION STATEMENT |
| Edition statement |
1. Auflage |
| 263 ## - PROJECTED PUBLICATION DATE |
| Projected publication date |
202412 |
| 264 #1 - PRODUCTION, PUBLICATION, DISTRIBUTION, MANUFACTURE, AND COPYRIGHT NOTICE |
| Place of production, publication, distribution, manufacture |
Marburg |
| Name of producer, publisher, distributor, manufacturer |
Stiftung Deutsches Adelsarchiv |
| Date of production, publication, distribution, manufacture, or copyright notice |
2024 |
| 300 ## - PHYSICAL DESCRIPTION |
| Extent |
630 Seiten |
| Dimensions |
17 cm |
| 336 ## - CONTENT TYPE |
| Content type term |
Text |
| Content type code |
txt |
| Source |
rdacontent |
| 337 ## - MEDIA TYPE |
| Media type term |
ohne Hilfsmittel zu benutzen |
| Media type code |
n |
| Source |
rdamedia |
| 338 ## - CARRIER TYPE |
| Carrier type term |
Band |
| Carrier type code |
nc |
| Source |
rdacarrier |
| 490 1# - SERIES STATEMENT |
| Series statement |
Gothaisches Genealogisches Handbuch. der fürstlichen Häuser |
| Volume/sequential designation |
19 |
| 653 ## - INDEX TERM--UNCONTROLLED |
| Uncontrolled term |
(Produktform)Hardback |
| 653 ## - INDEX TERM--UNCONTROLLED |
| Uncontrolled term |
(Zielgruppe)Fachpublikum/ Wissenschaft |
| 653 ## - INDEX TERM--UNCONTROLLED |
| Uncontrolled term |
Adel |
| 653 ## - INDEX TERM--UNCONTROLLED |
| Uncontrolled term |
Genealogien |
| 653 ## - INDEX TERM--UNCONTROLLED |
| Uncontrolled term |
Fürstliche Häuser |
| 653 ## - INDEX TERM--UNCONTROLLED |
| Uncontrolled term |
Fürsten |
| 653 ## - INDEX TERM--UNCONTROLLED |
| Uncontrolled term |
(VLB-WN)1919: Hardcover, Softcover / Sachbücher/Lexika, Nachschlagewerke/Sonstiges |
| 710 2# - ADDED ENTRY--CORPORATE NAME |
| Field link and sequence number |
1\p |
| Corporate name or jurisdiction name as entry element |
Stiftung Deutsches Adelsarchiv |
| Relator term |
Herausgebendes Organ |
| Relationship |
isb |
| 830 #0 - SERIES ADDED ENTRY--UNIFORM TITLE |
| Uniform title |
Gothaisches Genealogisches Handbuch. der fürstlichen Häuser |
| Volume/sequential designation |
19 |
| 883 1# - METADATA PROVENANCE |
| Field link and sequence number |
1\p |
| Creation process |
vlb |
| Creation date |
20241108 |
| Assigning or generating agency |
DE-101 |
| Uniform Resource Identifier |
https://d-nb.info/provenance/plan#vlb |
| 883 1# - METADATA PROVENANCE |
| Field link and sequence number |
2\p |
| Creation process |
vlb |
| Creation date |
20241108 |
| Assigning or generating agency |
DE-101 |
| Uniform Resource Identifier |
https://d-nb.info/provenance/plan#vlb |
| 942 ## - ADDED ENTRY ELEMENTS (KOHA) |
| Source of classification or shelving scheme |
Dewey Decimal Classification |
| Koha item type |
Books |
| Suppress in OPAC |
Yes |